| 000 | 00479nam a2200181 a 4500 | ||
|---|---|---|---|
| 001 | 17581 | ||
| 005 | 20180713210736.0 | ||
| 008 | 140415s1994 ck 000 0 spa d | ||
| 041 | _aspa | ||
| 082 |
_a659.1322 _bHIG |
||
| 100 | 1 | _aHIGGINS, DENNIS | |
| 245 | 1 | 3 | _aEL ARTE DE ESCRIBIR PUBLICIDAD |
| 250 | _a1a ed. | ||
| 260 |
_aCOLOMBIA : _bMCGRAW-HILL, _c1994 |
||
| 300 | _a139 | ||
| 650 | 1 | 4 | _aPUBLICIDAD COMERCIAL ARTISTICA |
| 700 | 1 |
_aDORFSMAN, ISAAC _etr. |
|
| 999 |
_c17581 _d17581 |
||